[Event "U12 Polish Youth Championship"]
[Site "chess24.com"]
[Date "2018.04.29"]
[Round "1"]
[White "Krahel, Karol"]
[Black "Meers, Hubert"]
[Result "0-1"]
[Board "10"]
[WhiteElo "1427"]
[WhiteCountry "POL"]
[WhiteFideId "21853517"]
[WhiteEloChange "-3"]
[BlackElo "1737"]
[BlackCountry "POL"]
[BlackFideId "21817014"]
[BlackEloChange "3"]

1. e4 {[%clk 1:30:59]} c5 {[%clk 1:30:54]} 2. Nf3 {[%clk 1:31:21]} d6 {[%clk
1:31:16]} 3. d4 {[%clk 1:31:45]} Nf6 {[%clk 1:31:06]} 4. Nc3 {[%clk 1:31:31]}
cxd4 {[%clk 1:31:30]} 5. Nxd4 {[%clk 1:31:55]} Nc6 {[%clk 1:31:29]} 6. Bg5 {[%clk
1:29:08]} h6 {[%clk 1:31:06]} 7. Bxf6 {[%clk 1:18:05]} gxf6 {[%clk 1:31:29]} 8.
f4 {[%clk 1:17:43]} e6 {[%clk 1:27:41]} 9. Qd2 {[%clk 1:10:13]} Be7 {[%clk
1:25:30]} 10. g3 {[%clk 1:05:57]} a6 {[%clk 1:12:18]} 11. Bg2 {[%clk 1:00:58]}
Qb6 {[%clk 1:04:32]} 12. Nb3 {[%clk 0:58:41]} Bd7 {[%clk 1:02:22]} 13. O-O-O
{[%clk 0:54:08]} Rc8 {[%clk 0:55:21]} 14. f5 {[%clk 0:50:16]} Ne5 {[%clk
0:52:19]} 15. fxe6 {[%clk 0:46:00]} fxe6 {[%clk 0:52:11]} 16. Qe2 {[%clk
0:41:50]} a5 {[%clk 0:45:52]} 17. Qh5+ {[%clk 0:41:50]} Kd8 {[%clk 0:45:52]} 18.
Bh3 {[%clk 0:41:50]} a4 {[%clk 0:45:52]} 19. Nd4 {[%clk 0:41:50]} a3 {[%clk
0:45:52]} 20. b3 {[%clk 0:41:50]} Rxc3 {[%clk 0:45:52]} 21. Bxe6 {[%clk 0:41:50]}
Bxe6 {[%clk 0:45:52]} 22. Nxe6+ {[%clk 0:41:50]} Kc8 {[%clk 0:45:52]} 23. Qh3
{[%clk 0:41:50]} Kb8 {[%clk 0:45:52]} 24. Nf4 {[%clk 0:41:50]} Rhc8 {[%clk
0:45:52]} 25. Rd2 {[%clk 0:41:50]} Qe3 {[%clk 0:45:52]} 26. Kd1 {[%clk 0:41:50]}
Qf3+ {[%clk 0:45:52]} 27. Ke1 {[%clk 0:41:50]} Qxh1+ {[%clk 0:45:52]} 28. Qf1
{[%clk 0:41:50]} Rxc2 {[%clk 0:45:52]} 0-1

[Event "U12 Polish Youth Championship"]
[Site "chess24.com"]
[Date "2018.04.29"]
[Round "1"]
[White "Madej, Marek"]
[Black "Wiatrowski, Zbigniew"]
[Result "0-1"]
[Board "11"]
[WhiteElo "1734"]
[WhiteCountry "POL"]
[WhiteFideId "21835942"]
[WhiteEloChange "-17"]
[BlackElo "1427"]
[BlackCountry "POL"]
[BlackFideId "21880816"]
[BlackEloChange "17"]

1. e4 {[%clk 1:30:32]} e5 {[%clk 1:30:50]} 2. Nf3 {[%clk 1:30:50]} Nc6 {[%clk
1:31:05]} 3. d4 {[%clk 1:31:08]} exd4 {[%clk 1:31:16]} 4. Nxd4 {[%clk 1:31:27]}
Bb4+ {[%clk 1:31:16]} 5. c3 {[%clk 1:31:28]} Bc5 {[%clk 1:31:22]} 6. Be3 {[%clk
1:31:27]} Bb6 {[%clk 1:31:29]} 7. Bc4 {[%clk 1:16:36]} d6 {[%clk 1:27:50]} 8. O-O
{[%clk 1:15:10]} Nf6 {[%clk 1:26:13]} 9. Re1 {[%clk 1:07:31]} O-O {[%clk
1:23:07]} 10. Nd2 {[%clk 1:07:32]} Ne5 {[%clk 1:18:01]} 11. Qc2 {[%clk 1:04:32]}
Nfg4 {[%clk 1:11:03]} 12. Bf4 {[%clk 0:58:33]} Qf6 {[%clk 1:09:02]} 13. Bg3
{[%clk 0:53:24]} h5 {[%clk 1:00:12]} 14. N4f3 {[%clk 0:47:52]} g5 {[%clk
0:51:20]} 15. h4 {[%clk 0:36:08]} Nxf2 {[%clk 0:48:06]} 16. Bxf2 {[%clk 0:36:32]}
Bxf2+ {[%clk 0:47:59]} 17. Kxf2 {[%clk 0:36:54]} g4 {[%clk 0:48:09]} 18. Rg1
{[%clk 0:35:33]} Kh8 {[%clk 0:46:19]} 19. Ke2 {[%clk 0:32:57]} gxf3+ {[%clk
0:45:39]} 20. gxf3 {[%clk 0:32:52]} Qf4 {[%clk 0:40:50]} 21. Raf1 {[%clk
0:26:16]} Qh2+ {[%clk 0:33:25]} 22. Kd1 {[%clk 0:26:07]} Bh3 {[%clk 0:30:05]} 23.
Re1 {[%clk 0:20:07]} Bg2 {[%clk 0:27:40]} 24. Be2 {[%clk 0:12:29]} Ng6 {[%clk
0:25:26]} 25. Qd3 {[%clk 0:09:35]} Nf4 {[%clk 0:19:16]} 26. Qd4+ {[%clk 0:09:50]}
Kh7 {[%clk 0:19:14]} 27. Bf1 {[%clk 0:07:17]} Rg8 {[%clk 0:18:10]} 28. Bxg2
{[%clk 0:07:06]} Nxg2 {[%clk 0:16:12]} 29. Qf6 {[%clk 0:03:44]} Ne3+ {[%clk
0:12:15]} 30. Rxe3 {[%clk 0:04:09]} Qxg1+ {[%clk 0:12:13]} 31. Re1 {[%clk
0:04:34]} Qg6 {[%clk 0:11:47]} 32. Qe7 {[%clk 0:04:51]} Rac8 {[%clk 0:11:35]} 33.
e5 {[%clk 0:03:50]} Rge8 {[%clk 0:10:58]} 34. Qd7 {[%clk 0:04:02]} dxe5 {[%clk
0:10:44]} 35. Qb5 {[%clk 0:03:42]} Qd6 {[%clk 0:08:33]} 36. Kc1 {[%clk 0:03:39]}
Qh6 {[%clk 0:05:24]} 37. Qc4 {[%clk 0:02:51]} Re7 {[%clk 0:04:50]} 38. Qd3+
{[%clk 0:02:06]} Kh8 {[%clk 0:04:02]} 39. Kb1 {[%clk 0:01:26]} Qg6 {[%clk
0:02:37]} 40. Ne4 {[%clk 0:01:46]} Re6 {[%clk 0:02:39]} 41. Qe3 {[%clk 0:01:26]}
f5 {[%clk 0:02:22]} 42. Rg1 {[%clk 0:01:07]} Qh7 {[%clk 0:02:31]} 43. Ng5 {[%clk
0:00:39]} f4+ {[%clk 0:02:42]} 44. Qe4 {[%clk 0:01:03]} Qxe4+ {[%clk 0:02:35]}
45. Nxe4 {[%clk 0:01:24]} Rg8 {[%clk 0:02:31]} 46. Ng5 {[%clk 0:01:45]} Re7
{[%clk 0:02:40]} 47. Kc2 {[%clk 0:01:39]} Rd8 {[%clk 0:02:12]} 48. Ne4 {[%clk
0:01:30]} Rg7 {[%clk 0:01:58]} 49. Ng5 {[%clk 0:01:24]} c5 {[%clk 0:01:03]} 50.
Re1 {[%clk 0:01:32]} Re7 {[%clk 0:00:57]} 51. Ne4 {[%clk 0:01:56]} c4 {[%clk
0:01:02]} 52. b3 {[%clk 0:02:08]} Rd3 {[%clk 0:01:10]} 53. Ng5 {[%clk 0:02:17]}
Re3 {[%clk 0:01:09]} 54. Rd1 {[%clk 0:02:02]} Re2+ {[%clk 0:01:17]} 55. Rd2
{[%clk 0:02:11]} Rxd2+ {[%clk 0:01:26]} 56. Kxd2 {[%clk 0:02:36]} Rd7+ {[%clk
0:01:43]} 57. Kc2 {[%clk 0:02:44]} b5 {[%clk 0:01:13]} 58. bxc4 {[%clk 0:02:41]}
bxc4 {[%clk 0:01:36]} 59. a4 {[%clk 0:02:59]} Kg8 {[%clk 0:01:51]} 60. Ne4 {[%clk
0:03:03]} Kg7 {[%clk 0:01:09]} 61. Nc5 {[%clk 0:02:53]} Rd6 {[%clk 0:01:01]} 62.
a5 {[%clk 0:02:26]} Kf7 {[%clk 0:00:54]} 63. Ne4 {[%clk 0:02:28]} Ra6 {[%clk
0:00:58]} 64. Kb2 {[%clk 0:02:29]} Rxa5 {[%clk 0:00:59]} 65. Nd6+ {[%clk
0:02:51]} Ke6 {[%clk 0:01:05]} 66. Nxc4 {[%clk 0:03:14]} Rb5+ {[%clk 0:01:11]}
67. Kc2 {[%clk 0:03:34]} Rc5 {[%clk 0:01:01]} 68. Nd2 {[%clk 0:03:41]} Kf5 {[%clk
0:00:45]} 69. Ne4 {[%clk 0:03:55]} Rc6 {[%clk 0:00:57]} 70. Kd3 {[%clk 0:04:03]}
a5 {[%clk 0:01:01]} 71. c4 {[%clk 0:03:36]} a4 {[%clk 0:00:49]} 72. Kc3 {[%clk
0:03:55]} a3 {[%clk 0:00:50]} 73. Kb3 {[%clk 0:04:14]} Ra6 {[%clk 0:01:06]} 74.
Ka2 {[%clk 0:04:10]} Kg6 {[%clk 0:00:45]} 75. Nc5 {[%clk 0:03:27]} Rc6 {[%clk
0:00:40]} 76. Nd3 {[%clk 0:02:36]} Kf5 {[%clk 0:00:55]} 77. Kxa3 {[%clk 0:02:36]}
Rxc4 {[%clk 0:01:03]} 78. Kb3 {[%clk 0:03:02]} Rd4 {[%clk 0:00:54]} 79. Kc3
{[%clk 0:03:23]} Ra4 {[%clk 0:01:14]} 80. Kd2 {[%clk 0:03:25]} Ra2+ {[%clk
0:01:26]} 81. Ke1 {[%clk 0:03:45]} Rh2 {[%clk 0:01:25]} 82. Kf1 {[%clk 0:03:46]}
e4 {[%clk 0:01:02]} 83. fxe4+ {[%clk 0:04:08]} Kxe4 {[%clk 0:01:21]} 84. Kg1
{[%clk 0:04:32]} Kxd3 {[%clk 0:01:34]} 85. Kxh2 {[%clk 0:04:55]} Ke2 {[%clk
0:01:52]} 86. Kg2 {[%clk 0:05:07]} f3+ {[%clk 0:02:14]} 87. Kg3 {[%clk 0:05:32]}
f2 {[%clk 0:02:36]} 88. Kh2 {[%clk 0:05:59]} f1Q {[%clk 0:02:39]} 89. Kg3 {[%clk
0:06:22]} Qf3+ {[%clk 0:02:37]} 90. Kh2 {[%clk 0:06:47]} Ke3 {[%clk 0:02:52]} 91.
Kg1 {[%clk 0:07:13]} Qf2+ {[%clk 0:03:08]} 92. Kh1 {[%clk 0:07:38]} Qe2 {[%clk
0:03:24]} 93. Kg1 {[%clk 0:08:02]} Kf3 {[%clk 0:03:40]} 94. Kh1 {[%clk 0:08:27]}
Qg2# {[%clk 0:03:40]} 0-1

[Event "U12 Polish Youth Championship"]
[Site "chess24.com"]
[Date "2018.04.29"]
[Round "1"]
[White "Czernecki, Andrzej"]
[Black "Karolczuk, Iwo"]
[Result "0-1"]
[Board "12"]
[WhiteElo "1418"]
[WhiteCountry "POL"]
[WhiteFideId "21810117"]
[WhiteEloChange "-3"]
[BlackElo "1723"]
[BlackCountry "POL"]
[BlackFideId "21816972"]
[BlackEloChange "3"]

1. e4 {[%clk 1:30:57]} c5 {[%clk 1:30:54]} 2. Nf3 {[%clk 1:31:21]} e6 {[%clk
1:31:11]} 3. d4 {[%clk 1:31:07]} cxd4 {[%clk 1:31:39]} 4. Nxd4 {[%clk 1:31:25]}
a6 {[%clk 1:32:00]} 5. c4 {[%clk 1:31:50]} Nf6 {[%clk 1:32:00]} 6. Nc3 {[%clk
1:31:42]} d6 {[%clk 1:32:02]} 7. f3 {[%clk 1:30:20]} Be7 {[%clk 1:32:17]} 8. Be3
{[%clk 1:29:31]} O-O {[%clk 1:32:37]} 9. Be2 {[%clk 1:29:11]} Qc7 {[%clk
1:32:45]} 10. O-O {[%clk 1:28:12]} Nbd7 {[%clk 1:32:08]} 11. Rc1 {[%clk 1:26:20]}
b6 {[%clk 1:31:31]} 12. Qd2 {[%clk 1:25:42]} Bb7 {[%clk 1:30:33]} 13. Rfd1 {[%clk
1:25:02]} Rac8 {[%clk 1:29:42]} 14. Bf1 {[%clk 1:24:04]} Rfe8 {[%clk 1:28:49]}
15. Qf2 {[%clk 1:21:41]} Ba8 {[%clk 1:28:30]} 16. b3 {[%clk 1:19:56]} Bf8 {[%clk
1:25:16]} 17. Nde2 {[%clk 1:15:51]} Qb8 {[%clk 1:21:24]} 18. Nf4 {[%clk 1:02:44]}
Bc6 {[%clk 1:19:07]} 19. Nfe2 {[%clk 0:49:34]} Nc5 {[%clk 1:14:37]} 20. Nd4
{[%clk 0:44:34]} Ba8 {[%clk 1:13:12]} 21. Nc2 {[%clk 0:39:04]} Be7 {[%clk
1:11:40]} 22. b4 {[%clk 0:26:54]} Ncd7 {[%clk 1:11:50]} 23. Na4 {[%clk 0:25:38]}
b5 {[%clk 1:06:26]} 24. cxb5 {[%clk 0:22:47]} axb5 {[%clk 1:06:37]} 25. Nb6
{[%clk 0:22:20]} Nxb6 {[%clk 1:04:20]} 26. Bxb6 {[%clk 0:22:23]} Rc6 {[%clk
1:03:49]} 27. Be3 {[%clk 0:20:37]} d5 {[%clk 0:53:46]} 28. e5 {[%clk 0:19:37]}
Nd7 {[%clk 0:51:47]} 29. f4 {[%clk 0:17:11]} Rec8 {[%clk 0:49:17]} 30. Nd4 {[%clk
0:15:00]} Rxc1 {[%clk 0:49:19]} 31. Rxc1 {[%clk 0:15:29]} Rxc1 {[%clk 0:48:53]}
32. Bxc1 {[%clk 0:15:57]} Bxb4 {[%clk 0:49:10]} 33. Nxb5 {[%clk 0:14:15]} Nc5
{[%clk 0:46:08]} 34. Qd4 {[%clk 0:07:51]} Ba5 {[%clk 0:45:21]} 35. Kh1 {[%clk
0:06:51]} Ne4 {[%clk 0:45:10]} 36. Be3 {[%clk 0:05:26]} h6 {[%clk 0:43:39]} 37.
Nd6 {[%clk 0:04:46]} Nxd6 {[%clk 0:40:09]} 38. exd6 {[%clk 0:05:13]} Qxd6 {[%clk
0:39:58]} 39. Qa7 {[%clk 0:05:25]} Qd8 {[%clk 0:40:09]} 40. Bd4 {[%clk 0:03:21]}
Bc6 {[%clk 0:39:10]} 41. Qc5 {[%clk 0:03:33]} Bd7 {[%clk 0:37:34]} 42. f5 {[%clk
0:01:36]} Bc7 {[%clk 0:25:58]} 43. fxe6 {[%clk 0:01:33]} fxe6 {[%clk 0:25:51]}
44. Qc3 {[%clk 0:01:39]} Ba5 {[%clk 0:25:58]} 45. Qa1 {[%clk 0:01:31]} Qg5 {[%clk
0:25:47]} 46. Bd3 {[%clk 0:01:02]} Bc7 {[%clk 0:25:24]} 47. Qc3 {[%clk 0:00:59]}
Bd6 {[%clk 0:24:51]} 48. Bg1 {[%clk 0:00:42]} e5 {[%clk 0:19:59]} 49. Qa5 {[%clk
0:00:57]} e4 {[%clk 0:18:00]} 50. Bxe4 {[%clk 0:00:43]} dxe4 {[%clk 0:17:43]} 51.
Qa8+ {[%clk 0:01:09]} Kh7 {[%clk 0:17:45]} 52. Qxe4+ {[%clk 0:01:23]} Bf5 {[%clk
0:18:08]} 53. Qd5 {[%clk 0:01:10]} Qf4 {[%clk 0:18:01]} 54. a4 {[%clk 0:01:21]}
Be4 {[%clk 0:18:15]} 55. Qd1 {[%clk 0:01:41]} Bb4 {[%clk 0:15:16]} 56. Qd4 {[%clk
0:00:43]} Qg4 {[%clk 0:13:47]} 57. Qf2 {[%clk 0:00:36]} Bc5 {[%clk 0:12:49]} 58.
Qd2 {[%clk 0:00:55]} Bb4 {[%clk 0:11:55]} 59. Qf2 {[%clk 0:01:11]} Qd1 {[%clk
0:11:38]} 60. Qa7 {[%clk 0:00:41]} Qc2 {[%clk 0:10:12]} 61. Qf2 {[%clk 0:00:50]}
Qxa4 {[%clk 0:09:20]} 62. Qe3 {[%clk 0:00:52]} Qc2 {[%clk 0:09:22]} 63. Qf2
{[%clk 0:01:14]} Qc6 {[%clk 0:07:30]} 64. Qb2 {[%clk 0:00:34]} Bc5 {[%clk
0:06:51]} 65. Bxc5 {[%clk 0:00:35]} Qxc5 {[%clk 0:07:13]} 66. h3 {[%clk 0:00:59]}
Qe3 {[%clk 0:07:26]} 67. Qb8 {[%clk 0:00:55]} Qf2 {[%clk 0:07:06]} 68. Qh2 {[%clk
0:01:14]} Qf1+ {[%clk 0:07:19]} 69. Qg1 {[%clk 0:01:38]} Bxg2+ {[%clk 0:07:21]}
0-1

[Event "U12 Polish Youth Championship"]
[Site "chess24.com"]
[Date "2018.04.29"]
[Round "1"]
[White "Karwacki, Piotr"]
[Black "Kolodziejski, Piotr"]
[Result "1-0"]
[Board "13"]
[WhiteElo "1720"]
[WhiteCountry "POL"]
[WhiteFideId "21852200"]
[WhiteEloChange "3"]
[BlackElo "1418"]
[BlackCountry "POL"]
[BlackFideId "21840962"]
[BlackEloChange "-3"]

1. e4 {[%clk 1:30:54]} c6 {[%clk 1:30:51]} 2. d3 {[%clk 1:30:46]} d5 {[%clk
1:27:01]} 3. Nd2 {[%clk 1:31:03]} e5 {[%clk 1:22:08]} 4. Ngf3 {[%clk 1:30:41]}
Bd6 {[%clk 1:19:58]} 5. g3 {[%clk 1:29:10]} Nf6 {[%clk 1:15:58]} 6. Bg2 {[%clk
1:27:13]} Bg4 {[%clk 1:08:24]} 7. h3 {[%clk 1:23:52]} Bh5 {[%clk 1:06:05]} 8. g4
{[%clk 1:19:35]} Bg6 {[%clk 1:05:52]} 9. Nh4 {[%clk 1:19:16]} h6 {[%clk 0:57:13]}
10. exd5 {[%clk 1:16:53]} Nxd5 {[%clk 0:51:15]} 11. Nxg6 {[%clk 1:07:07]} fxg6
{[%clk 0:51:25]} 12. Be4 {[%clk 1:05:36]} Qf6 {[%clk 0:47:22]} 13. Qf3 {[%clk
0:58:01]} Nf4 {[%clk 0:40:11]} 14. Nc4 {[%clk 0:52:17]} g5 {[%clk 0:35:03]} 15.
h4 {[%clk 0:48:59]} Rf8 {[%clk 0:34:31]} 16. hxg5 {[%clk 0:47:49]} hxg5 {[%clk
0:33:43]} 17. Bxf4 {[%clk 0:47:13]} gxf4 {[%clk 0:28:02]} 18. O-O-O {[%clk
0:45:51]} Nd7 {[%clk 0:25:50]} 19. g5 {[%clk 0:39:22]} Qe7 {[%clk 0:21:17]} 20.
Bxc6 {[%clk 0:39:07]} O-O-O {[%clk 0:15:30]} 21. Bxb7+ {[%clk 0:38:55]} Kb8
{[%clk 0:15:49]} 22. Na5 {[%clk 0:38:48]} Qe8 {[%clk 0:11:17]} 23. Nc6+ {[%clk
0:36:25]} Kc7 {[%clk 0:09:48]} 24. Nxd8 {[%clk 0:36:42]} Kxd8 {[%clk 0:09:56]}
25. Qc6 {[%clk 0:36:32]} Bc7 {[%clk 0:09:02]} 26. Ba6 {[%clk 0:35:51]} Nb8 {[%clk
0:08:26]} 27. Qxe8+ {[%clk 0:36:03]} Rxe8 {[%clk 0:08:38]} 28. Bb5 {[%clk
0:36:26]} Nd7 {[%clk 0:08:22]} 29. Rh7 {[%clk 0:36:45]} Re7 {[%clk 0:08:07]} 30.
Rh8+ {[%clk 0:37:02]} Re8 {[%clk 0:08:32]} 31. Rdh1 {[%clk 0:37:03]} Bb6 {[%clk
0:08:38]} 32. Rxe8+ {[%clk 0:37:10]} Kxe8 {[%clk 0:09:00]} 33. Rh7 {[%clk
0:36:58]} Kd8 {[%clk 0:08:21]} 34. Bxd7 {[%clk 0:37:10]} Kxd7 {[%clk 0:08:40]}
35. Rxg7+ {[%clk 0:37:37]} Ke6 {[%clk 0:09:00]} 36. f3 {[%clk 0:37:56]} Be3+
{[%clk 0:09:06]} 37. Kd1 {[%clk 0:38:21]} Bd4 {[%clk 0:09:27]} 38. c3 {[%clk
0:38:46]} Bb6 {[%clk 0:09:47]} 39. b4 {[%clk 0:39:06]} Kf5 {[%clk 0:09:57]} 40.
c4 {[%clk 0:39:19]} Bd4 {[%clk 0:10:20]} 41. c5 {[%clk 0:39:38]} Ke6 {[%clk
0:10:35]} 42. Rxa7 {[%clk 0:39:59]} e4 {[%clk 0:10:50]} 43. dxe4 {[%clk 0:40:22]}
Bc3 {[%clk 0:11:13]} 44. g6 {[%clk 0:40:41]} Bd4 {[%clk 0:11:25]} 45. g7 {[%clk
0:40:45]} Bxg7 {[%clk 0:11:45]} 46. Rxg7 {[%clk 0:41:13]} Kf6 {[%clk 0:12:07]}
47. Ra7 {[%clk 0:41:35]} Ke5 {[%clk 0:12:33]} 48. c6 {[%clk 0:41:55]} Kd4 {[%clk
0:12:59]} 49. Ke2 {[%clk 0:42:20]} Kc4 {[%clk 0:13:22]} 50. c7 {[%clk 0:42:43]}
Kxb4 {[%clk 0:13:46]} 51. c8Q {[%clk 0:43:03]} Kb5 {[%clk 0:14:09]} 52. Rb7+
{[%clk 0:43:26]} Ka6 {[%clk 0:14:31]} 53. Qa8# {[%clk 0:43:51]} 1-0

[Event "U12 Polish Youth Championship"]
[Site "chess24.com"]
[Date "2018.04.29"]
[Round "1"]
[White "Iwaszkiewicz, Grzegorz"]
[Black "Bancarewicz, Aleks"]
[Result "1-0"]
[Board "14"]
[WhiteElo "1411"]
[WhiteCountry "POL"]
[WhiteFideId "21810214"]
[WhiteEloChange "17"]
[BlackElo "1708"]
[BlackCountry "POL"]
[BlackFideId "21838550"]
[BlackEloChange "-17"]

1. d4 {[%clk 1:30:30]} Nf6 {[%clk 1:30:30]} 2. c4 {[%clk 1:30:30]} c5 {[%clk
1:30:37]} 3. d5 {[%clk 1:30:52]} b5 {[%clk 1:30:26]} 4. cxb5 {[%clk 1:31:08]} a6
{[%clk 1:30:50]} 5. bxa6 {[%clk 1:31:32]} Bxa6 {[%clk 1:30:41]} 6. Nc3 {[%clk
1:31:53]} d6 {[%clk 1:30:46]} 7. e4 {[%clk 1:32:16]} Bxf1 {[%clk 1:31:08]} 8.
Kxf1 {[%clk 1:32:37]} g6 {[%clk 1:30:57]} 9. Nf3 {[%clk 1:32:53]} Nbd7 {[%clk
1:30:24]} 10. g3 {[%clk 1:32:14]} Bg7 {[%clk 1:30:37]} 11. Kg2 {[%clk 1:32:12]}
O-O {[%clk 1:30:38]} 12. a4 {[%clk 1:31:52]} Ng4 {[%clk 1:14:05]} 13. Bd2 {[%clk
1:31:45]} Nge5 {[%clk 1:13:56]} 14. Nxe5 {[%clk 1:31:59]} Nxe5 {[%clk 1:14:17]}
15. Qe2 {[%clk 1:29:21]} c4 {[%clk 0:54:22]} 16. f4 {[%clk 1:29:11]} Nd3 {[%clk
0:53:56]} 17. Rhb1 {[%clk 1:21:37]} Rb8 {[%clk 0:32:06]} 18. Be3 {[%clk 1:01:31]}
Rb3 {[%clk 0:16:20]} 19. Nb5 {[%clk 0:54:06]} Rxb2 {[%clk 0:14:50]} 20. Rxb2
{[%clk 0:53:42]} Bxb2 {[%clk 0:15:05]} 21. Ra2 {[%clk 0:52:33]} Bc1 {[%clk
0:06:17]} 22. Rc2 {[%clk 0:48:27]} Bxe3 {[%clk 0:06:20]} 23. Qxe3 {[%clk
0:38:49]} Qa5 {[%clk 0:05:39]} 24. Rxc4 {[%clk 0:11:53]} Nb2 {[%clk 0:05:21]} 25.
Rc2 {[%clk 0:12:13]} Nxa4 {[%clk 0:05:18]} 26. Na7 {[%clk 0:10:07]} Ra8 {[%clk
0:01:23]} 27. Nc6 {[%clk 0:10:24]} Qc7 {[%clk 0:01:33]} 28. Qb3 {[%clk 0:10:43]}
Nc5 {[%clk 0:01:50]} 29. Qe3 {[%clk 0:03:43]} Qd7 {[%clk 0:02:06]} 30. e5 {[%clk
0:01:48]} Kf8 {[%clk 0:01:46]} 31. Nd4 {[%clk 0:01:04]} Ra4 {[%clk 0:00:36]} 32.
Nc6 {[%clk 0:00:39]} Qf5 {[%clk 0:00:42]} 33. Rb2 {[%clk 0:00:34]} Re4 {time[%clk
0:00:00]} 1-0

[Event "U12 Polish Youth Championship"]
[Site "chess24.com"]
[Date "2018.04.29"]
[Round "1"]
[White "Bogusz, Alan"]
[Black "Owczarzak, Maciej"]
[Result "1-0"]
[Board "15"]
[WhiteElo "1683"]
[WhiteCountry "POL"]
[WhiteFideId "21810060"]
[WhiteEloChange "3"]
[BlackElo "1402"]
[BlackCountry "POL"]
[BlackFideId "21861048"]
[BlackEloChange "-3"]

1. e4 {[%clk 1:30:55]} c5 {[%clk 1:30:55]} 2. Nf3 {[%clk 1:31:22]} Nc6 {[%clk
1:31:20]} 3. d4 {[%clk 1:31:45]} cxd4 {[%clk 1:31:46]} 4. Nxd4 {[%clk 1:32:10]}
Nf6 {[%clk 1:32:10]} 5. Nc3 {[%clk 1:31:16]} e5 {[%clk 1:30:35]} 6. Ndb5 {[%clk
1:31:34]} d6 {[%clk 1:30:57]} 7. Bg5 {[%clk 1:30:58]} a6 {[%clk 1:31:18]} 8. Na3
{[%clk 1:31:22]} b5 {[%clk 1:31:42]} 9. Nd5 {[%clk 1:31:29]} Be7 {[%clk 1:31:49]}
10. Bxf6 {[%clk 1:20:40]} Bxf6 {[%clk 1:32:04]} 11. c3 {[%clk 1:16:50]} O-O
{[%clk 1:30:34]} 12. Nc2 {[%clk 1:14:49]} Bg5 {[%clk 1:29:26]} 13. c4 {[%clk
1:12:18]} bxc4 {[%clk 1:23:32]} 14. Bxc4 {[%clk 1:10:59]} Be6 {[%clk 1:13:08]}
15. O-O {[%clk 1:09:52]} Ne7 {[%clk 1:09:38]} 16. Nce3 {[%clk 1:08:59]} Nc6
{[%clk 0:55:07]} 17. Nc2 {[%clk 1:07:57]} Ne7 {[%clk 0:54:14]} 18. Ncb4 {[%clk
1:06:27]} a5 {[%clk 0:53:11]} 19. Nxe7+ {[%clk 1:05:47]} Qxe7 {[%clk 0:51:26]}
20. Nd5 {[%clk 1:05:26]} Bxd5 {[%clk 0:49:58]} 21. Qxd5 {[%clk 1:03:42]} Rac8
{[%clk 0:46:18]} 22. b3 {[%clk 1:03:03]} Rc5 {[%clk 0:41:57]} 23. Qd3 {[%clk
1:02:47]} Rd8 {[%clk 0:39:34]} 24. g3 {[%clk 1:02:13]} Bf6 {[%clk 0:29:29]} 25.
Rfd1 {[%clk 1:01:34]} g6 {[%clk 0:22:25]} 26. Qe2 {[%clk 1:01:13]} Kg7 {[%clk
0:19:45]} 27. Rd3 {[%clk 1:01:02]} Bg5 {[%clk 0:17:38]} 28. Rad1 {[%clk 1:00:40]}
a4 {[%clk 0:13:47]} 29. Rd5 {[%clk 1:00:00]} axb3 {[%clk 0:11:52]} 30. axb3
{[%clk 0:59:07]} Rxd5 {[%clk 0:11:01]} 31. Rxd5 {[%clk 0:58:55]} f5 {[%clk
0:10:04]} 32. h4 {[%clk 0:49:44]} Bh6 {[%clk 0:08:38]} 33. exf5 {[%clk 0:42:09]}
gxf5 {[%clk 0:08:10]} 34. Qd3 {[%clk 0:42:24]} Qf6 {[%clk 0:07:43]} 35. Rb5
{[%clk 0:41:27]} Rd7 {[%clk 0:07:30]} 36. Qd5 {[%clk 0:39:43]} Kg6 {[%clk
0:05:50]} 37. Rb8 {[%clk 0:38:48]} Rg7 {[%clk 0:01:35]} 38. Re8 {[%clk 0:38:24]}
Kh5 {[%clk 0:01:00]} 39. Be2+ {[%clk 0:38:09]} Rg4 {[%clk 0:01:00]} 40. Bxg4+
{[%clk 0:38:09]} fxg4 {[%clk 0:00:00]} 1-0

[Event "U12 Polish Youth Championship"]
[Site "chess24.com"]
[Date "2018.04.29"]
[Round "1"]
[White "Serewa, Antoni"]
[Black "Backiel, Hubert"]
[Result "1/2-1/2"]
[Board "16"]
[WhiteElo "1392"]
[WhiteCountry "POL"]
[WhiteFideId "21837198"]
[WhiteEloChange "6"]
[BlackElo "1653"]
[BlackCountry "POL"]
[BlackFideId "21838631"]
[BlackEloChange "-6"]

1. d4 {[%clk 1:30:30]} Nf6 {[%clk 1:30:30]} 2. Nf3 {[%clk 1:30:30]} c5 {[%clk
1:30:30]} 3. e3 {[%clk 1:30:30]} e6 {[%clk 1:30:30]} 4. Nbd2 {[%clk 1:30:30]}
cxd4 {[%clk 1:30:30]} 5. exd4 {[%clk 1:30:30]} Nc6 {[%clk 1:30:30]} 6. c3 {[%clk
1:30:30]} Be7 {[%clk 1:30:30]} 7. Bd3 {[%clk 1:30:30]} O-O {[%clk 1:30:30]} 8.
O-O {[%clk 1:30:30]} d6 {[%clk 1:30:30]} 9. a4 {[%clk 1:30:30]} e5 {[%clk
1:30:30]} 10. dxe5 {[%clk 1:30:30]} Nxe5 {[%clk 1:30:30]} 11. Nxe5 {[%clk
1:30:30]} dxe5 {[%clk 1:30:30]} 12. Qc2 {[%clk 1:30:30]} Be6 {[%clk 1:30:30]} 13.
Bf5 {[%clk 1:30:30]} Qd7 {[%clk 1:30:30]} 14. Bxe6 {[%clk 1:30:30]} Qxe6 {[%clk
1:30:30]} 15. Ne4 {[%clk 1:30:30]} Qc6 {[%clk 1:30:30]} 16. Nxf6+ {[%clk
1:30:30]} Bxf6 {[%clk 1:30:30]} 17. Be3 {[%clk 1:30:30]} Rfd8 {[%clk 1:30:30]}
18. Rad1 {[%clk 1:30:30]} a6 {[%clk 1:30:30]} 19. Qb3 {[%clk 1:30:30]} Rxd1
{[%clk 1:30:30]} 20. Rxd1 {[%clk 1:30:30]} Rd8 {[%clk 1:30:30]} 21. Rxd8+ {[%clk
1:30:30]} Bxd8 {[%clk 1:30:30]} 22. Qd1 {[%clk 1:30:30]} Be7 {[%clk 1:30:30]} 23.
h3 {[%clk 1:30:30]} h6 {[%clk 1:30:30]} 24. Qg4 {[%clk 1:30:30]} Bf8 {[%clk
1:30:30]} 25. Qd1 {[%clk 1:30:30]} Be7 {[%clk 1:30:30]} 26. Qg4 {[%clk 1:30:30]}
Bf8 {[%clk 1:30:30]} 27. Qd1 {[%clk 1:30:30]} Be7 {[%clk 1:30:30]} 28. Qg4 {[%clk
1:30:30]} Bf8 {[%clk 1:30:30]} 29. Qd1 {[%clk 1:30:30]} Be7 {[%clk 1:30:30]} 30.
Qg4 {[%clk 1:30:30]} Bf8 {[%clk 1:30:30]} 1/2-1/2